000 01045nam a2200241Ia 4500
001 15257
003 GE_BSU
008 181216s||||||||xx |||||||||||||| ||und||
040 _cGE_BSU
080 _a821.353.1+821.353.1-11+821.353.1-32
245 _aჩვენი საუნჯე:ქართული მწერლობა ოც ტომად. ტ.8: აკაკი წერეთელი
245 _bლექსები, პოემები დრამები,მოთხრობები,
245 _cრედ.ი.აბაშიძე. მხატვ.ლ.გრიგოლია
260 _aთბილისი
260 _bნაკადული
260 _c1960
300 _a466გვ.23სმ.
653 _aაკაკი წერეთელი
653 _aლექსები, პოემები დრამები,მოთხრობები,
653 _aქართული მწერლობა.
653 _aჩვენი საუნჯე
942 _cBK
999 _c48369
_d48369